000 00558nam a2200217 a 4500
001 18222
003 CO-ViMGA
008 141112s2004 ck r 000 u spa d
020 _a9681826310
040 _aCO-ViMGA
_bspa
_cCO-ViMGA
082 0 4 _a609 K645d
100 1 _aKohler, Pierre
_925945
245 1 0 _aAl descubrimiento de la tecnología
260 _aMexico,
_cLimusa,
_c1998
300 _a143.p.
590 _aForma de adquisición : Premio - Mincultura
650 1 4 _aAGRICULTURA
650 1 4 _aPETROLEO
650 1 4 _aTECNOLOGIA
942 _2ddc
_cBK
999 _c27581
_d27581